[Event "Montreal Mercredi 01"]
[Site "Montreal CAN"]
[Date "2012.02.08"]
[Round "5"]
[White "Bergeron, Jean-Guy"]
[Black "Le Bas, Nicolas"]
[Result "0-1"]
[WhiteElo "1530"]
[BlackElo "1596"]
[PlyCount "96"]
[GameId "2160767909572849"]
[EventDate "2012.01.11"]
[EventType "swiss"]
[EventRounds "5"]
[EventCountry "CAN"]
[SourceTitle "EXT 2022"]
[Source "ChessBase"]
[SourceDate "2021.10.06"]
[SourceVersion "1"]
[SourceVersionDate "2021.10.06"]
[SourceQuality "1"]

1. c4 Nf6 2. Nc3 g6 3. e4 d6 4. d4 Bg7 5. Nf3 O-O 6. Be2 Nbd7 7. O-O c5 8. h3 a6 9. e5 Ne8 10. exd6 Nxd6 11. d5 Nb6 12. Qb3 e5 13. Bg5 Qc7 14. a4 f5 15. a5 Nd7 16. Be7 Re8 17. Bxd6 Qxd6 18. Ng5 e4 19. Ne6 Be5 20. Na4 f4 21. f3 e3 22. Nb6 Nxb6 23. axb6 Bxe6 24. dxe6 Rxe6 25. Rfd1 Bd4 26. Rxd4 Qxd4 27. Rd1 Qf6 28. Qa3 Qe7 29. Rd5 Re5 30. Qa5 Rd8 31. Qe1 Rexd5 32. cxd5 Qe5 33. b3 Kg7 34. Bc4 Qd4 35. Qe2 Rd6 36. Kh2 Rxb6 37. g4 Rd6 38. h4 b5 39. Bxb5 axb5 40. Qxb5 Qxd5 41. Qe8 Re6 42. Qc8 e2 43. Qc7+ Kg8 44. Qc8+ Kf7 45. Qc7+ Ke8 46. Qc8+ Ke7 47. Qc7+ Qd7 48. Qxc5+ Ke8 0-1

[Event "Montreal Mercredi 01"]
[Site "Montreal CAN"]
[Date "2012.02.08"]
[Round "5"]
[White "Boudreau, Daniel"]
[Black "Morin, Louis"]
[Result "1/2-1/2"]
[WhiteElo "1929"]
[BlackElo "1841"]
[PlyCount "149"]
[GameId "2160767909572850"]
[EventDate "2012.01.11"]
[EventType "swiss"]
[EventRounds "5"]
[EventCountry "CAN"]
[SourceTitle "EXT 2022"]
[Source "ChessBase"]
[SourceDate "2021.10.06"]
[SourceVersion "1"]
[SourceVersionDate "2021.10.06"]
[SourceQuality "1"]

1. e4 c5 2. Nf3 e6 3. d4 cxd4 4. Nxd4 Nf6 5. Nc3 Nc6 6. Be3 Bb4 7. f3 d5 8. Bb5 Bd7 9. Bxc6 bxc6 10. e5 Ng8 11. a3 Be7 12. Nb3 Nh6 13. O-O Qc7 14. Bxh6 gxh6 15. f4 c5 16. Qe2 c4 17. Nd4 Qb6 18. Qe3 Bc5 19. Nce2 Rb8 20. Rab1 c3 21. b4 Bxd4 22. Qxd4 Bb5 23. Rf2 Bxe2 24. Qxb6 Rxb6 25. Rxe2 O-O 26. Re3 Rc8 27. Kf2 Rc4 28. Ke2 Rxf4 29. Rxc3 Re4+ 30. Re3 f5 31. Rxe4 fxe4 32. b5 a6 33. a4 axb5 34. axb5 Kf7 35. Ke3 Kg6 36. Kd4 Kf5 37. Rf1+ Kg4 38. Kc5 Rb8 39. b6 Rc8+ 40. Kd6 Rxc2 41. Rb1 Rc8 42. Kxe6 d4 43. Kd7 Rg8 44. e6 d3 45. Re1 Kf5 46. e7 d2 47. Rf1+ Kg6 48. e8=Q+ Rxe8 49. Kxe8 e3 50. b7 e2 51. b8=Q e1=Q+ 52. Rxe1 dxe1=Q+ 53. Kd7 Qd2+ 54. Ke6 Qa2+ 55. Ke5 Qe2+ 56. Kd6 Qd3+ 57. Ke7 Qe4+ 58. Kd7 Qg4+ 59. Ke7 Qg5+ 60. Ke8 Qxg2 61. Qd6+ Kh5 62. Qe5+ Qg5 63. Qe2+ Kg6 64. Qe6+ Kg7 65. Qf7+ Kh8 66. Qc4 Qg8+ 67. Qxg8+ Kxg8 68. Ke7 Kg7 69. Ke6 Kg6 70. h4 Kh5 71. Kf5 Kxh4 72. Kf4 Kh3 73. Kf3 h5 74. Kf2 Kh2 75. Kf1 1/2-1/2

[Event "Montreal Mercredi 01"]
[Site "Montreal CAN"]
[Date "2012.02.08"]
[Round "5"]
[White "Cote, Philippe"]
[Black "Nardone, Raul"]
[Result "0-1"]
[WhiteElo "1687"]
[BlackElo "1831"]
[PlyCount "64"]
[GameId "2160767909572851"]
[EventDate "2012.01.11"]
[EventType "swiss"]
[EventRounds "5"]
[EventCountry "CAN"]
[SourceTitle "EXT 2022"]
[Source "ChessBase"]
[SourceDate "2021.10.06"]
[SourceVersion "1"]
[SourceVersionDate "2021.10.06"]
[SourceQuality "1"]

1. e4 c5 2. b4 cxb4 3. a3 bxa3 4. Nxa3 Nc6 5. d4 d6 6. c3 Nf6 7. Bd3 g6 8. f4 Bg7 9. Nf3 O-O 10. O-O Bg4 11. f5 d5 12. exd5 Bxf3 13. Rxf3 Qxd5 14. Nb5 Qd8 15. fxg6 hxg6 16. Bg5 a6 17. Na3 b5 18. Qd2 Nxd4 19. Rh3 Nb3 20. Qf4 Qb6+ 21. Kh1 Nh5 22. Rxh5 gxh5 23. Rf1 Rad8 24. Bxe7 Rxd3 25. Bxf8 Qg6 26. Be7 Nd2 27. Re1 Bxc3 28. Rd1 Qg4 29. Qxg4+ hxg4 30. Nb1 b4 31. Bg5 Ne4 32. Nxc3 Nf2+ 0-1

[Event "Montreal Mercredi 01"]
[Site "Montreal CAN"]
[Date "2012.02.08"]
[Round "5"]
[White "Falardeau, Bruno"]
[Black "Luo, Zhao Yang"]
[Result "1-0"]
[WhiteElo "1984"]
[BlackElo "2055"]
[PlyCount "63"]
[GameId "2160767909572852"]
[EventDate "2012.01.11"]
[EventType "swiss"]
[EventRounds "5"]
[EventCountry "CAN"]
[SourceTitle "EXT 2022"]
[Source "ChessBase"]
[SourceDate "2021.10.06"]
[SourceVersion "1"]
[SourceVersionDate "2021.10.06"]
[SourceQuality "1"]

1. e4 c6 2. d4 d5 3. Nc3 dxe4 4. Nxe4 Bf5 5. Ng3 Bg6 6. Nf3 Nd7 7. Bc4 e6 8. O-O Ngf6 9. Re1 Be7 10. Qe2 Nd5 11. Bb3 O-O 12. a3 Bf6 13. c4 Ne7 14. Be3 c5 15. Rad1 Qc7 16. Bg5 cxd4 17. Bxf6 gxf6 18. Nxd4 Nc5 19. Bc2 a5 20. Nh5 f5 21. b4 axb4 22. axb4 Ne4 23. Bxe4 fxe4 24. Nf6+ Kh8 25. Nb5 Qf4 26. Nxe4 Bxe4 27. Qxe4 Qxe4 28. Rxe4 Ra4 29. g3 Nc6 30. Rd7 Rxb4 31. Nd6 Nd8 32. Rxd8 1-0

[Event "Montreal Mercredi 01"]
[Site "Montreal CAN"]
[Date "2012.02.08"]
[Round "5"]
[White "Gauthier, Luc"]
[Black "Dominique, Vladimir"]
[Result "1-0"]
[WhiteElo "1708"]
[BlackElo "1732"]
[PlyCount "49"]
[GameId "2160767909572853"]
[EventDate "2012.01.11"]
[EventType "swiss"]
[EventRounds "5"]
[EventCountry "CAN"]
[SourceTitle "EXT 2022"]
[Source "ChessBase"]
[SourceDate "2021.10.06"]
[SourceVersion "1"]
[SourceVersionDate "2021.10.06"]
[SourceQuality "1"]

1. e4 c5 2. Nc3 Nc6 3. f4 d6 4. Nf3 Nf6 5. Bb5 Bd7 6. Bxc6 Bxc6 7. d3 e6 8. O-O Be7 9. Qe1 O-O 10. Ne2 Rc8 11. Ng3 Re8 12. f5 Nd7 13. fxe6 fxe6 14. Nh5 Nf6 15. Nf4 Bf8 16. Ng5 Qd7 17. Qh4 h6 18. Ng6 hxg5 19. Bxg5 Be7 20. Qh8+ Kf7 21. Qh5 Kg8 22. Rxf6 Bxf6 23. Bxf6 Rf8 24. Qh8+ Kf7 25. Qxg7+ 1-0

[Event "Montreal Mercredi 01"]
[Site "Montreal CAN"]
[Date "2012.02.08"]
[Round "5"]
[White "Lacroix, Serge"]
[Black "Gauthier, Luc"]
[Result "0-1"]
[WhiteElo "1899"]
[BlackElo "1708"]
[PlyCount "114"]
[GameId "2160767909572854"]
[EventDate "2012.01.11"]
[EventType "swiss"]
[EventRounds "5"]
[EventCountry "CAN"]
[SourceTitle "EXT 2022"]
[Source "ChessBase"]
[SourceDate "2021.10.06"]
[SourceVersion "1"]
[SourceVersionDate "2021.10.06"]
[SourceQuality "1"]

1. e4 c5 2. Nf3 Nc6 3. d4 cxd4 4. Nxd4 e6 5. Nc3 Qc7 6. Be3 Nf6 7. Be2 a6 8. a3 Be7 9. O-O O-O 10. f4 d6 11. Nb3 b5 12. Bf3 Bb7 13. Qe1 Rac8 14. Qf2 Nd7 15. Rad1 b4 16. axb4 Nxb4 17. Rd4 Nc6 18. Rd2 Na5 19. Nxa5 Qxa5 20. e5 Bxf3 21. exd6 Bf6 22. Qxf3 Bxc3 23. bxc3 Rxc3 24. Qf2 Qf5 25. Bd4 Rc6 26. Be3 Rfc8 27. Rc1 a5 28. h3 h5 29. Qe2 Rc4 30. g4 hxg4 31. hxg4 Qe4 32. Rd3 a4 33. c3 a3 34. Rc2 Rb8 35. Rd4 Rb1+ 36. Kf2 Rxd4 37. cxd4 Qh1 38. f5 Nf6 39. Rc8+ Kh7 40. Bc1 Rxc1 41. Rxc1 Qxc1 42. fxe6 fxe6 43. Qxe6 Qf4+ 44. Kg2 Qxd4 45. Qf5+ g6 46. Qe6 Qb2+ 47. Kg3 Qc3+ 48. Kh4 Qd4 49. Qf7+ Kh8 50. Qxg6 Qxd6 51. Qh6+ Kg8 52. Qg6+ Kf8 53. Qh6+ Kf7 54. Qe3 Qh2+ 55. Kg5 Qd2 56. Kf4 Qxe3+ 57. Kxe3 a2 0-1

[Event "Montreal Mercredi 01"]
[Site "Montreal CAN"]
[Date "2012.02.08"]
[Round "5"]
[White "Lizotte, Michel"]
[Black "Chenard, Yanick"]
[Result "1-0"]
[WhiteElo "1536"]
[BlackElo "1561"]
[PlyCount "110"]
[GameId "2160767909572855"]
[EventDate "2012.01.11"]
[EventType "swiss"]
[EventRounds "5"]
[EventCountry "CAN"]
[SourceTitle "EXT 2022"]
[Source "ChessBase"]
[SourceDate "2021.10.06"]
[SourceVersion "1"]
[SourceVersionDate "2021.10.06"]
[SourceQuality "1"]

1. e4 e5 2. Nf3 Nc6 3. Bb5 a6 4. Ba4 Nf6 5. O-O b5 6. Bb3 Be7 7. Re1 d6 8. h3 Bb7 9. c3 Na5 10. Bc2 c5 11. d4 Nd7 12. Nbd2 Bg5 13. Nxg5 Qxg5 14. Nc4 Qd8 15. Nxd6+ Ke7 16. Nf5+ Kf8 17. Qg4 Qf6 18. Bg5 Qg6 19. Qg3 f6 20. Be3 Qxg3 21. Nxg3 Nc4 22. Bc1 Kf7 23. b3 Nd6 24. Be3 Rac8 25. Re2 g6 26. Rd1 Ke7 27. f4 Nf7 28. Rf2 h5 29. h4 Nh6 30. dxe5 fxe5 31. fxe5 Nxe5 32. Bg5+ Ke8 33. Bf6 Rf8 34. Bg5 Rxf2 35. Kxf2 Nhg4+ 36. Kg1 c4 37. bxc4 Rxc4 38. Rd8+ Kf7 39. Bb3 Ke6 40. Bxc4+ Nxc4 41. Re8+ Kd7 42. Re7+ Kc6 43. Re6+ Kc5 44. Rxg6 Nce5 45. Rg7 Bc6 46. Rh7 Be8 47. Nxh5 Bxh5 48. Rxh5 Kc4 49. Bf4 Ng6 50. e5 Nxf4 51. Rg5 Ne3 52. h5 Ne6 53. Rg6 Kd5 54. h6 Nxg2 55. Rxe6 Kxe6 1-0

[Event "Montreal Mercredi 01"]
[Site "Montreal CAN"]
[Date "2012.02.08"]
[Round "5"]
[White "Sonn, Eric"]
[Black "Munshi, Shawkat"]
[Result "1/2-1/2"]
[WhiteElo "1554"]
[BlackElo "1521"]
[PlyCount "71"]
[GameId "2160767909572856"]
[EventDate "2012.01.11"]
[EventType "swiss"]
[EventRounds "5"]
[EventCountry "CAN"]
[SourceTitle "EXT 2022"]
[Source "ChessBase"]
[SourceDate "2021.10.06"]
[SourceVersion "1"]
[SourceVersionDate "2021.10.06"]
[SourceQuality "1"]

1. e4 c5 2. Nf3 d6 3. b4 b6 4. bxc5 bxc5 5. Bc4 Nc6 6. c3 Qb6 7. Na3 e6 8. Rb1 Qd8 9. d4 cxd4 10. Bb5 Bd7 11. Qa4 Qc7 12. cxd4 Nf6 13. d5 Nb8 14. dxe6 fxe6 15. Ng5 Ke7 16. Bd2 h6 17. Nf3 a6 18. e5 dxe5 19. O-O Kf7 20. Bxd7 Nbxd7 21. Rfc1 Qd6 22. Rb7 Qxa3 23. Nxe5+ Kg8 24. Qc6 Qxa2 25. Nxd7 Nxd7 26. Qxd7 Qd5 27. Qf7+ Kh7 28. Rd7 Qf5 29. Qxf5+ exf5 30. Rcc7 Rg8 31. h4 a5 32. Ra7 Bc5 33. Rxa8 Rxa8 34. Bc3 Bf8 35. Rd5 Kg6 36. Rxa5 1/2-1/2

[Event "Montreal Mercredi 01"]
[Site "Montreal CAN"]
[Date "2012.02.08"]
[Round "5"]
[White "Valle-Romo, Ricardo"]
[Black "Levkovsky, Alexandre"]
[Result "0-1"]
[WhiteElo "2021"]
[BlackElo "2303"]
[PlyCount "64"]
[GameId "2160767909572857"]
[EventDate "2012.01.11"]
[EventType "swiss"]
[EventRounds "5"]
[EventCountry "CAN"]

1. c4 e5 2. h3 Nf6 3. a3 c6 4. d3 d5 5. cxd5 cxd5 6. g4 h6 7. Bg2 Nc6 8. Nc3 Bc5 9. g5 hxg5 10. Bxg5 Be6 11. Nf3 Qd7 12. h4 Ng4 13. Rf1 f6 14. Bd2 a6 15. Na4 Ba7 16. Nc3 Ne7 17. e3 Nf5 18. Qa4 Qxa4 19. Nxa4 Nxh4 20. Nxh4 Rxh4 21. Nc3 Rd8 22. Rh1 Rxh1+ 23. Bxh1 d4 24. exd4 Bxd4 25. Bxb7 Nxf2 26. Bxa6 g5 27. Bb5+ Kf7 28. Ne2 Bb6 29. d4 Ne4 30. Bb4 exd4 31. O-O-O Bb3 32. Rd3 Rc8+ 0-1

[Event "Montreal Mercredi 02"]
[Site "Montreal CAN"]
[Date "2012.02.22"]
[Round "1"]
[White "Baran, Marius"]
[Black "Le Bas, Nicolas"]
[Result "1-0"]
[WhiteElo "1712"]
[BlackElo "1568"]
[PlyCount "47"]
[GameId "2160767909576224"]
[EventDate "2012.02.22"]
[EventType "swiss"]
[EventRounds "5"]
[EventCountry "CAN"]
[SourceTitle "EXT 2022"]
[Source "ChessBase"]
[SourceDate "2021.10.06"]
[SourceVersion "1"]
[SourceVersionDate "2021.10.06"]
[SourceQuality "1"]

1. d4 Nf6 2. c4 g6 3. Nc3 Bg7 4. e4 d6 5. g3 O-O 6. Bg2 Nbd7 7. Nge2 e5 8. O-O a6 9. d5 Rb8 10. Bg5 h6 11. Bd2 b5 12. cxb5 axb5 13. Qc1 Kh7 14. Qc2 Ba6 15. a3 Ng8 16. Rfe1 Ne7 17. Na2 Qc8 18. Nb4 Bb7 19. Rac1 Nc5 20. Be3 f5 21. Bxc5 f4 22. f3 Qe8 23. Bf2 Rc8 24. Bh3 1-0

[Event "Montreal Mercredi 02"]
[Site "Montreal CAN"]
[Date "2012.02.22"]
[Round "1"]
[White "Bergeron, Jean-Guy"]
[Black "Mestre, Evick"]
[Result "1-0"]
[WhiteElo "1514"]
[BlackElo "1510"]
[PlyCount "61"]
[GameId "2160767909576225"]
[EventDate "2012.02.22"]
[EventType "swiss"]
[EventRounds "5"]
[EventCountry "CAN"]
[SourceTitle "EXT 2022"]
[Source "ChessBase"]
[SourceDate "2021.10.06"]
[SourceVersion "1"]
[SourceVersionDate "2021.10.06"]
[SourceQuality "1"]

1. c4 c5 2. Nf3 Nc6 3. d4 cxd4 4. Nxd4 Nf6 5. Nc3 e6 6. e4 d6 7. Be2 Be7 8. Be3 O-O 9. O-O a6 10. Qd2 Qc7 11. f4 Nxd4 12. Bxd4 Bd7 13. e5 Ne8 14. Bd3 g6 15. Ne4 f6 16. Qc3 dxe5 17. fxe5 f5 18. Nd2 b5 19. b4 bxc4 20. Bxc4 Kf7 21. Rac1 Qb7 22. a3 Rc8 23. Qh3 Ng7 24. g4 Bb5 25. gxf5 gxf5 26. Rxf5+ Nxf5 27. Qxf5+ Ke8 28. Bxb5+ axb5 29. Rxc8+ Qxc8 30. Qh5+ Kd7 31. Qd1 1-0

[Event "Montreal Mercredi 02"]
[Site "Montreal CAN"]
[Date "2012.02.22"]
[Round "1"]
[White "Cardin, Guillaume"]
[Black "Nardone, Raul"]
[Result "1-0"]
[WhiteElo "2079"]
[BlackElo "1911"]
[PlyCount "95"]
[GameId "2160767909576226"]
[EventDate "2012.02.22"]
[EventType "swiss"]
[EventRounds "5"]
[EventCountry "CAN"]
[SourceTitle "EXT 2022"]
[Source "ChessBase"]
[SourceDate "2021.10.06"]
[SourceVersion "1"]
[SourceVersionDate "2021.10.06"]
[SourceQuality "1"]

1. e4 c5 2. Nc3 Nc6 3. f4 d6 4. Nf3 g6 5. Bb5 Bg7 6. O-O Nf6 7. d3 O-O 8. Bxc6 bxc6 9. Qe1 Rb8 10. Qh4 Bg4 11. f5 gxf5 12. Ng5 h6 13. exf5 d5 14. Nf3 Bxf3 15. Rxf3 Rb4 16. Qh3 Kh7 17. Rg3 Rh8 18. a3 Rb7 19. Rb1 Qd6 20. Bd2 c4 21. Qh4 cxd3 22. cxd3 Qc5+ 23. d4 Qc4 24. Rh3 h5 25. Bg5 Ne4 26. Nxe4 dxe4 27. Qxe4 Qxd4+ 28. Qxd4 Bxd4+ 29. Kf1 Kg7 30. b4 e5 31. fxe6 fxe6 32. Rc1 Rf8+ 33. Rf3 Rxf3+ 34. gxf3 Kg6 35. f4 Bb2 36. Rxc6 Bxa3 37. Rxe6+ Kf5 38. Re5+ Kg4 39. Kg2 h4 40. h3+ Kh5 41. Re6 Rh7 42. b5 Bf8 43. Bd8 Rg7+ 44. Bg5 Rc7 45. Re5 Rc2+ 46. Kf3 Bg7 47. Bf6+ Kg6 48. Bxg7 1-0

[Event "Montreal Mercredi 02"]
[Site "Montreal CAN"]
[Date "2012.02.22"]
[Round "1"]
[White "Cote, Philippe"]
[Black "Amesse, Louis-Philippe"]
[Result "0-1"]
[WhiteElo "1704"]
[BlackElo "1602"]
[PlyCount "50"]
[GameId "2160767909576227"]
[EventDate "2012.02.22"]
[EventType "swiss"]
[EventRounds "5"]
[EventCountry "CAN"]
[SourceTitle "EXT 2022"]
[Source "ChessBase"]
[SourceDate "2021.10.06"]
[SourceVersion "1"]
[SourceVersionDate "2021.10.06"]
[SourceQuality "1"]

1. e4 d6 2. d4 Nf6 3. Nc3 g6 4. Bg5 Bg7 5. f4 O-O 6. Nf3 c5 7. e5 dxe5 8. dxe5 Nfd7 9. Bc4 Nb6 10. Bd3 Nc6 11. Qe2 a6 12. O-O Bg4 13. Qf2 Bxf3 14. Qxf3 Qc7 15. Qh3 Nd4 16. Bh6 c4 17. Be4 Bxh6 18. Qxh6 f5 19. exf6 exf6 20. f5 Qc5 21. Kh1 Nxf5 22. Bxf5 gxf5 23. Rf3 Rf7 24. Raf1 Re8 25. Rxf5 Qxf5 0-1

[Event "Montreal Mercredi 02"]
[Site "Montreal CAN"]
[Date "2012.02.22"]
[Round "1"]
[White "Giroux, Robert"]
[Black "Rondon, Luciano"]
[Result "0-1"]
[WhiteElo "1807"]
[BlackElo "1792"]
[PlyCount "68"]
[GameId "2160767909576228"]
[EventDate "2012.02.22"]
[EventType "swiss"]
[EventRounds "5"]
[EventCountry "CAN"]
[SourceTitle "EXT 2022"]
[Source "ChessBase"]
[SourceDate "2021.10.06"]
[SourceVersion "1"]
[SourceVersionDate "2021.10.06"]
[SourceQuality "1"]

1. Nf3 Nf6 2. d4 d5 3. c4 e6 4. g3 Be7 5. Bg2 O-O 6. O-O dxc4 7. Qc2 a6 8. Qxc4 b5 9. Qc2 Bb7 10. Bd2 Nbd7 11. Ba5 Bd6 12. Nbd2 Rc8 13. e4 e5 14. dxe5 Bxe5 15. Rfe1 Qe7 16. Nxe5 Qxe5 17. Bc3 Qh5 18. Bxf6 Nxf6 19. f3 Rfe8 20. Rac1 c5 21. Nf1 Nd7 22. Ne3 Ne5 23. g4 Qg5 24. Nf5 Rcd8 25. Rcd1 Qf6 26. h4 c4 27. Rxd8 Rxd8 28. Rd1 Rxd1+ 29. Qxd1 Nd3 30. b3 g6 31. Nh6+ Kg7 32. g5 Qd4+ 33. Kh2 Qf2 34. bxc4 Ne1 0-1

[Event "Montreal Mercredi 02"]
[Site "Montreal CAN"]
[Date "2012.02.22"]
[Round "1"]
[White "Hebert, Pierre"]
[Black "Munshi, Shawkat"]
[Result "1/2-1/2"]
[WhiteElo "1634"]
[BlackElo "1607"]
[PlyCount "89"]
[GameId "2160767909576229"]
[EventDate "2012.02.22"]
[EventType "swiss"]
[EventRounds "5"]
[EventCountry "CAN"]
[SourceTitle "EXT 2022"]
[Source "ChessBase"]
[SourceDate "2021.10.06"]
[SourceVersion "1"]
[SourceVersionDate "2021.10.06"]
[SourceQuality "1"]

1. d4 Nf6 2. c4 e6 3. Nc3 d5 4. Bg5 Be7 5. cxd5 exd5 6. Qc2 Be6 7. e3 c6 8. Bd3 h6 9. Bh4 Nbd7 10. Nf3 Qc7 11. Rb1 O-O 12. O-O a5 13. a3 Bd6 14. Rfc1 Rfc8 15. Bg3 Bxg3 16. hxg3 Qd6 17. Na4 b5 18. Nc5 a4 19. Nh4 Nxc5 20. Qxc5 Qxc5 21. Rxc5 Ne4 22. Rc2 g5 23. Nf3 f6 24. Rbc1 Bd7 25. Nd2 Nxd2 26. Rxd2 Ra7 27. Rdc2 Raa8 28. e4 dxe4 29. Bxe4 Ra6 30. d5 c5 31. Rxc5 Rxc5 32. Rxc5 Rb6 33. g4 Kf7 34. Rc7 Ke8 35. Rc5 Ke7 36. f3 Kd6 37. Rc2 b4 38. axb4 Rxb4 39. Kf2 Bb5 40. Ke1 Rc4 41. Rd2 Rc5 42. g3 Bc4 43. Rh2 Bxd5 44. Bxd5 Kxd5 45. Rxh6 1/2-1/2

[Event "Montreal Mercredi 02"]
[Site "Montreal CAN"]
[Date "2012.02.22"]
[Round "1"]
[White "Lacroix, Serge"]
[Black "Bergeron, Rene"]
[Result "1/2-1/2"]
[WhiteElo "1858"]
[BlackElo "1747"]
[PlyCount "130"]
[GameId "2160767909576230"]
[EventDate "2012.02.22"]
[EventType "swiss"]
[EventRounds "5"]
[EventCountry "CAN"]
[SourceTitle "EXT 2022"]
[Source "ChessBase"]
[SourceDate "2021.10.06"]
[SourceVersion "1"]
[SourceVersionDate "2021.10.06"]
[SourceQuality "1"]

1. e4 e5 2. Nf3 Nf6 3. Nxe5 d6 4. Nf3 Nxe4 5. d4 d5 6. Bd3 Nc6 7. O-O Be7 8. Re1 Nf6 9. c4 O-O 10. Nc3 dxc4 11. Bxc4 Bg4 12. d5 Bxf3 13. Qxf3 Nb4 14. Qd1 Re8 15. a3 Na6 16. b4 Bd6 17. Rxe8+ Qxe8 18. Qe2 Qe5 19. Qxe5 Bxe5 20. Bb2 Rd8 21. Re1 Bd4 22. Rd1 Be5 23. g3 Ne4 24. Nxe4 Bxb2 25. b5 Nb8 26. a4 Nd7 27. d6 c6 28. bxc6 bxc6 29. f4 h6 30. Rd2 Ba3 31. Rd3 Bb4 32. g4 Nb6 33. Bb3 Nd7 34. g5 Nc5 35. Nxc5 Bxc5+ 36. Kg2 Bxd6 37. g6 Kf8 38. gxf7 Rb8 39. Kf3 c5 40. h4 g6 41. Kg4 Rb4 42. Rxd6 Rxb3 43. Rxg6 Rb6 44. Rg8+ Kxf7 45. Rc8 Rb4 46. Rc7+ Kg6 47. h5+ Kf6 48. Rc6+ Kg7 49. Rc7+ Kf6 50. Rxa7 Rb1 51. Ra6+ Kg7 52. a5 Rb5 53. Ra7+ Kf6 54. a6 Ra5 55. Rh7 Ke6 56. Rxh6+ Kd5 57. f5 c4 58. Kf4 c3 59. Ke3 Ke5 60. f6 Rxa6 61. f7 Ra8 62. Rc6 Rf8 63. Rc7 Kf6 64. h6 Kg6 65. h7 Kxh7 1/2-1/2

[Event "Montreal Mercredi 02"]
[Site "Montreal CAN"]
[Date "2012.02.22"]
[Round "1"]
[White "Millette, Sylvain"]
[Black "Chenard, Yanick"]
[Result "1-0"]
[WhiteElo "1533"]
[BlackElo "1510"]
[PlyCount "53"]
[GameId "2160767909576231"]
[EventDate "2012.02.22"]
[EventType "swiss"]
[EventRounds "5"]
[EventCountry "CAN"]
[SourceTitle "EXT 2022"]
[Source "ChessBase"]
[SourceDate "2021.10.06"]
[SourceVersion "1"]
[SourceVersionDate "2021.10.06"]
[SourceQuality "1"]

1. Nf3 d5 2. g3 Nf6 3. Bg2 e6 4. O-O c5 5. d4 cxd4 6. Nxd4 Nc6 7. Nxc6 bxc6 8. c4 Qb6 9. Nc3 a5 10. Na4 Qa7 11. Be3 c5 12. cxd5 exd5 13. Bxd5 Bh3 14. Bg2 Bxg2 15. Kxg2 Qb7+ 16. Kg1 c4 17. Nc5 Bxc5 18. Bxc5 Qxb2 19. Qd6 Qb7 20. Qe5+ Kd8 21. Rfd1+ Kc8 22. Qf5+ Nd7 23. Rab1 Qc6 24. Rd6 Qa4 25. Qd5 Kc7 26. Rxd7+ Qxd7 27. Rb7+ 1-0

[Event "Montreal Mercredi 02"]
[Site "Montreal CAN"]
[Date "2012.02.22"]
[Round "1"]
[White "Ramaswamy, Kiran"]
[Black "Gauthier, Denis"]
[Result "1-0"]
[WhiteElo "1947"]
[BlackElo "1935"]
[PlyCount "83"]
[GameId "2160767909576232"]
[EventDate "2012.02.22"]
[EventType "swiss"]
[EventRounds "5"]
[EventCountry "CAN"]
[SourceTitle "EXT 2022"]
[Source "ChessBase"]
[SourceDate "2021.10.06"]
[SourceVersion "1"]
[SourceVersionDate "2021.10.06"]
[SourceQuality "1"]

1. c4 e5 2. g3 Nf6 3. Bg2 g6 4. e4 Bg7 5. Ne2 d6 6. O-O O-O 7. d3 Nbd7 8. Nbc3 a5 9. f4 c6 10. h3 Nc5 11. Be3 Qe7 12. f5 h6 13. Rb1 d5 14. Na4 Nxa4 15. Qxa4 b5 16. cxb5 cxb5 17. Qc2 Bb7 18. Rbc1 Rac8 19. Qd2 Kh7 20. Qxa5 dxe4 21. fxg6+ fxg6 22. Qxb5 exd3 23. Qxd3 Bxg2 24. Kxg2 Qb7+ 25. Kh2 Qxb2 26. Qd2 Qb7 27. Rb1 Qe4 28. Rb4 Qa8 29. Rc1 Nd5 30. Rb2 Rxc1 31. Nxc1 Nxe3 32. Qxe3 Rf1 33. Rg2 Qd5 34. Qd3 Qf7 35. Qe3 Rf3 36. Qe4 Rf1 37. Nd3 Qe6 38. Re2 Qb6 39. Qe3 Qb1 40. Kg2 Rh1 41. Ne1 Qb7+ 42. Qe4 1-0

[Event "Montreal Mercredi 02"]
[Site "Montreal CAN"]
[Date "2012.02.22"]
[Round "1"]
[White "Sonn, Eric"]
[Black "Berthiaume, Yves"]
[Result "1-0"]
[WhiteElo "1552"]
[BlackElo "1456"]
[PlyCount "121"]
[GameId "2160767909576233"]
[EventDate "2012.02.22"]
[EventType "swiss"]
[EventRounds "5"]
[EventCountry "CAN"]
[SourceTitle "EXT 2022"]
[Source "ChessBase"]
[SourceDate "2021.10.06"]
[SourceVersion "1"]
[SourceVersionDate "2021.10.06"]
[SourceQuality "1"]

1. Nf3 Nf6 2. c4 d5 3. cxd5 Nxd5 4. Nc3 Nc6 5. Qb3 Nb6 6. Ng5 e6 7. d3 Be7 8. h4 Nd4 9. Qd1 h6 10. Nge4 Nd7 11. e3 Nf5 12. g3 Nf6 13. Bg2 c6 14. b3 Nd6 15. Bb2 Ndxe4 16. Nxe4 Nxe4 17. Bxe4 Qa5+ 18. Kf1 e5 19. Kg2 Be6 20. Qh5 Bf6 21. d4 Bd5 22. Qf3 exd4 23. Bxd5 Qxd5 24. Qxd5 cxd5 25. Rac1 Kd7 26. Rhd1 Rhe8 27. Bxd4 Be5 28. Kf3 Re6 29. Bc5 Rf6+ 30. Ke2 Ke6 31. Bd4 Bxd4 32. Rxd4 Kd6 33. Rcd1 Rc8 34. Rxd5+ Ke7 35. Rd7+ Ke8 36. R1d2 Rb6 37. e4 Rb4 38. f3 g6 39. g4 Rb5 40. R7d5 Rb6 41. Ke3 Rc3+ 42. R2d3 Rc1 43. a3 Re1+ 44. Kd2 Rh1 45. h5 Rh2+ 46. Ke3 g5 47. Rd6 Ke7 48. Rxb6 axb6 49. Rc3 Kd7 50. Kd4 f6 51. Kc4 Kd6 52. Kb5 Ra2 53. a4 Rd2 54. Kxb6 Ke5 55. Kxb7 Rb2 56. a5 Kd4 57. Rc4+ Ke5 58. b4 Rd2 59. a6 Rd7+ 60. Rc7 Rd4 61. b5 1-0

[Event "Montreal Mercredi 02"]
[Site "Montreal CAN"]
[Date "2012.02.22"]
[Round "1"]
[White "Valle-Romo, Ricardo"]
[Black "Boudreau, Daniel"]
[Result "0-1"]
[WhiteElo "2085"]
[BlackElo "1902"]
[PlyCount "42"]
[GameId "2160767909576234"]
[EventDate "2012.02.22"]
[EventType "swiss"]
[EventRounds "5"]
[EventCountry "CAN"]

1. e4 c5 2. Nf3 e6 3. d4 cxd4 4. Nxd4 a6 5. Bd3 Bc5 6. Nb3 Be7 7. O-O Nc6 8. f4 d6 9. Nc3 Nf6 10. Qf3 Qc7 11. Be3 Rb8 12. a4 b6 13. Rae1 Bb7 14. f5 Ne5 15. Qh3 Bc8 16. Nd4 Neg4 17. fxe6 fxe6 18. Rxf6 Bxf6 19. Ndb5 axb5 20. Bxb5+ Bd7 21. Qxg4 O-O 0-1

[Event "Montreal Mercredi 02"]
[Site "Montreal CAN"]
[Date "2012.02.22"]
[Round "1"]
[White "Weston, Paul"]
[Black "Gauthier, Luc"]
[Result "1-0"]
[WhiteElo "1878"]
[BlackElo "1738"]
[PlyCount "61"]
[GameId "2160767909576235"]
[EventDate "2012.02.22"]
[EventType "swiss"]
[EventRounds "5"]
[EventCountry "CAN"]
[SourceTitle "EXT 2022"]
[Source "ChessBase"]
[SourceDate "2021.10.06"]
[SourceVersion "1"]
[SourceVersionDate "2021.10.06"]
[SourceQuality "1"]

1. c4 e6 2. Nf3 d5 3. g3 c5 4. Bg2 Nc6 5. O-O Nf6 6. d3 Be7 7. Nbd2 O-O 8. a3 Re8 9. Rb1 a5 10. b3 h6 11. Ne1 d4 12. Nc2 e5 13. Ne4 Bf5 14. Nxf6+ Bxf6 15. f3 Qd7 16. Bd2 Bh3 17. b4 axb4 18. axb4 cxb4 19. Nxb4 Bxg2 20. Kxg2 Nxb4 21. Rxb4 Ra2 22. Rb5 Rea8 23. Be1 Ra1 24. Rb1 R1a2 25. Bf2 Bg5 26. Rb5 Rd2 27. Qb1 Raa2 28. Rxe5 Be3 29. Bxe3 Rxe2+ 30. Bf2 Rab2 31. Rxe2 1-0